|
|
|
|
| LEADER |
00833nab a2200181 i 4500 |
| 001 |
misc73843 |
| 005 |
20241018114357.0 |
| 008 |
240219s1949 hu o 000 eng d |
| 040 |
|
|
|a SZTE Miscellanea Repozitórium
|b hun
|
| 041 |
|
|
|a eng
|
| 100 |
2 |
|
|a Szent-Györgyi Albert
|
| 245 |
1 |
0 |
|a Process for the preparation of a mixture of nucleotides containing predominantly adenosintriphosphate
|h [elektronikus dokumentum] :
|b 2,472,130 : [patent] /
|c Szent-Györgyi Albert
|
| 260 |
|
|
|a United States Government Printing Office
|b Washington, D.C.
|c 1949-06-07
|
| 300 |
|
|
|a 130
|
| 490 |
0 |
|
|a Official Gazette of the United States Patent Office
|
| 561 |
|
|
|a Szent-Györgyi Albert tudományos és egyéb írásai
|
| 695 |
|
|
|a Nukleotidok, Adenozin-trifoszfát - ATP
|
| 856 |
4 |
0 |
|u http://misc.bibl.u-szeged.hu/73843/1/szgya_magyar_218.pdf
|z Dokumentum-elérés
|